000 00653cam a22002171 4500
001 ca 16000152
003 DLC
005 20260227111101.0
008 770422s1884 xx 000 0 engs
010 _aca 16000152
035 _a(OCoLC)2908182
040 _aDLC
_cDeU
_dDLC
042 _apremarc
050 0 0 _aPN6161
_b.H33
100 1 _a[Hartranft, Rufus Clinton]
_ecomp.
245 1 4 _aThe journal of Solomon Sidesplitter [pseud.]
_ba collection of witticisms.
260 _aPhiladelphia,
_bPickwick & Company,
_c1884.
300 _a200 p.
_bincl. front.
_c19 cm.
500 _aCover vignette, stamped in gold.
650 0 _aAmerican wit and humor.
999 _c14890
_d14890